[Event "FSIMB August"]
[Site "Budapest HUN"]
[Date "2001.08.06"]
[Round "3"]
[White "Seres,L"]
[Black "Eperjesi,L"]
[Result "1-0"]
[WhiteElo "2427"]
[BlackElo "2255"]

1.d4 Nf6 2.c4 e6 3.Nf3 Bb4+ 4.Bd2 a5 5.g3 b6 6.Bg2 Ba6 7.Ne5 Ra7 8.O-O Be7
9.Nc3 O-O 10.Nb5 Bxb5 11.cxb5 c5 12.bxc6 dxc6 13.Qa4 c5 14.Bc3 Qe8 15.Qb3 b5
16.dxc5 Bxc5 17.Rac1 b4 18.Bd2 Qb5 19.Nd3 Bd4 20.a3 e5 21.Rc4 Rd7 22.Bc3 Rfd8
23.axb4 a4 24.Qa2 e4 25.Nc5 Rd6 26.Nxa4 Nc6 27.e3 Ra8 28.b3 Bxc3 29.Nxc3 Qb8
30.Qe2 Ne5 31.Rd4 Rxd4 32.exd4 Nf3+ 33.Bxf3 exf3 34.Qxf3 Ra3 35.Nd5 Nxd5
36.Qxd5 Qxb4 37.Rc1 g6 38.Rc8+ Kg7 39.Qe5+ Kh6 40.Rg8 Qd2 41.Qg7+ Kg5 42.Qxf7 Ra1+
43.Kg2 Qxd4 44.h4+ Kh6 45.Qf8+ Kh5 46.Qf3+ Qg4 47.Qb7 h6 48.Qb5+  1-0

[Event "FSIMA August"]
[Site "Budapest HUN"]
[Date "2001.08.07"]
[Round "4"]
[White "Kummer,Hel"]
[Black "Sinkovics,P"]
[Result "1-0"]
[WhiteElo "2386"]
[BlackElo "2301"]

1.d4 Nf6 2.c4 e6 3.Nf3 Bb4+ 4.Bd2 Qe7 5.g3 b6 6.Bg2 Bb7 7.Nc3 Ne4 8.Rc1 O-O
9.O-O Nxd2 10.Qxd2 d6 11.a3 Bxc3 12.Qxc3 c5 13.Rfd1 Nd7 14.b4 Nf6 15.Qe3 Rac8
16.d5 Rc7 17.bxc5 bxc5 18.dxe6 fxe6 19.Bh3 e5 20.Ng5 Bc8 21.Bxc8 Rfxc8 22.Ne4 Nxe4
23.Qxe4 Rc6 24.Rb1 Qf7 25.Rd3 g6 26.Rbd1 Qf6 27.Rb1 Kh8 28.Rb7 R6c7 29.Qd5 Rxb7
30.Qxb7 Re8 31.Rf3 Qe7 32.Rf7 Qxb7 33.Rxb7 a5 34.Rd7 Rb8 35.Rxd6 Rb1+ 36.Kg2 Rc1
37.Re6 Rxc4 38.Rxe5 Rc3 39.Re3 Rc1 40.Kf3 Rc4 41.Rd3 Kg7 42.h4 Kf6 43.e4 Rc1
44.Kf4 c4 45.Rd5 c3 46.Rxa5 Rf1 47.Ra6+ Ke7 48.Rc6 Rxf2+ 49.Ke3 Rg2 50.Rxc3 Rxg3+
51.Kd4 Rg1 52.Ke5 Kd7 53.Rd3+ Kc6 54.Ke6 Rg4 55.Rc3+ Kb6 56.e5 Rxh4 57.Kd5 Rh1
58.e6 Rd1+ 59.Ke4 Rd8 60.Ke5 Rd1 61.Rc4  1-0

[Event "Stork YM"]
[Site "Hengelo NED"]
[Date "2001.08.07"]
[Round "4"]
[White "Janssen,R"]
[Black "Vink,N"]
[Result "1/2-1/2"]
[WhiteElo "2437"]
[BlackElo "2281"]

1.d4 Nf6 2.c4 e6 3.Nf3 Bb4+ 4.Bd2 Qe7 5.g3 O-O 6.Bg2 Bxd2+ 7.Qxd2 d6 8.Nc3 e5
9.O-O Nc6 10.d5 Nb8 11.b4 Bf5 12.Nh4 Bg6 13.e4 Nbd7 14.a3 Rfc8 15.f3 c6 16.Bh3 cxd5
17.Nxd5 Nxd5 18.cxd5 Rc4 19.Rac1 Rac8 20.Rxc4 Rxc4 21.Rc1 Nb6 22.Bf1 Rc7
23.Rc3 Qd8 24.Bh3 Rc4 25.Bf1 Rc7 26.Qc1 Rxc3 27.Qxc3 Qc8 28.Qxc8+ Nxc8 29.Kf2 Nb6
30.Ke3 Kf8 31.Bd3 f6 32.Kd2 Be8 33.Nf5 Nc8 34.Ne3 Nb6 35.Nf5 Nc8 36.Ne3 Nb6
37.f4 Bd7 38.f5 Ke7 39.h4 Be8 40.g4 h6 41.Kc3 Bd7 42.Be2 Be8 43.Bd3 Bd7 44.Nf1 Ba4
45.Be2 Be8 46.Nd2 Kd8 47.Nf3 Ke7 48.Ng1 Na8 49.Nh3 Nc7 50.Nf2 Nb5+ 51.Bxb5 Bxb5
52.Kd2 Kd7 53.Nd1 Ke7 54.Ke3 Kd8 55.Nc3 Be8 56.Kf3 Kc7 57.Kg3 Kd8 58.g5 hxg5
59.hxg5 Ke7 60.g6 Kd8 61.Kf2 Kc7 62.Ke3 Kd8 63.a4 Ke7 64.Kd3 Kd8 65.Kc4 Kc7
66.b5 Kd8 67.Kb4 Bd7 68.Ka5 Be8 69.Nd1 Kd7 70.Ne3 Kd8 71.Nc4 Kd7 72.Ne3 Kd8
73.Nc2 Kc7 74.Kb4 Kd8 75.Kc4 Bd7 76.Nb4 Bc8 77.Na2 Ke7 78.Nc3 Kd8 79.Ne2 Ke8
80.Ng3 Ke7 81.Nh5 Kf8 82.Kb4 Bd7 83.Ng3 Ke7 84.Nf1 Bc8 85.Ne3 Ke8 86.Kc4 Kd8
87.Nc2 Ke8 88.Nb4 Kd8 89.a5 a6 90.b6  1/2-1/2

[Event "Kochan Mem Open"]
[Site "Koszalin POL"]
[Date "2001.08.08"]
[Round "5"]
[White "Malaniuk,V"]
[Black "Liwak,P"]
[Result "1-0"]
[WhiteElo "2516"]
[BlackElo "2298"]

1.d4 Nf6 2.Nf3 e6 3.c4 Bb4+ 4.Bd2 Qe7 5.g3 Nc6 6.Nc3 Bxc3 7.Bxc3 Ne4 8.Rc1 O-O
9.Bg2 d6 10.d5 Nxc3 11.Rxc3 Nd8 12.Nd2 e5 13.c5 dxc5 14.Nb3 f5 15.O-O Rf6
16.Nxc5 c6 17.Qb3 Kh8 18.e4 f4 19.Rfc1 g5 20.Qd1 b6 21.Nd3 Bd7 22.Qe2 c5
23.b4 cxb4 24.Rc7 Rh6 25.Nxe5 Qxe5 26.Rxd7 a5 27.Qd2 Kg8 28.Rcc7 Rd6 29.Re7 Qa1+
30.Bf1 Kf8 31.e5 Rg6 32.Qe2  1-0

[Event "7th Stage Russian Cup"]
[Site "Togliatty RUS"]
[Date "2001.08.11"]
[Round "4"]
[White "Nikitin,An"]
[Black "Tunik,G"]
[Result "1/2-1/2"]
[WhiteElo "2535"]
[BlackElo "2451"]

1.d4 Nf6 2.c4 e6 3.Nf3 Bb4+ 4.Bd2 Qe7 5.g3 Nc6 6.Bg2 Bxd2+ 7.Nbxd2 d6 8.O-O a5
9.e4 e5 10.d5 Nb8 11.Ne1 h5 12.Nd3 h4 13.Re1 Nbd7 14.Nf1 g6 15.b3 b6 16.a3 Nc5
17.Nxc5 bxc5 18.Qd2 Kf8 19.b4 Nd7 20.bxa5 Kg7 21.Ne3 Nf6 22.Qc3 hxg3 23.hxg3 Bh3
24.f3 Qd7 25.g4 Bxg2 26.Kxg2 Qa4 27.Rh1 Qxa5 28.Qxa5 Rxa5 29.Rxh8 Kxh8 30.Nd1 Nd7
31.a4 Kg7 32.g5 Kf8 33.Kf2 Ke7 34.Ke3 Ra8 35.a5 Nb8 36.Nc3 Na6 37.Kf2 Rh8
38.Rg1 Nb4 39.Nb5 Kd7 40.Ra1 Na6 41.Rg1  1/2-1/2

[Event "Nordic Championships"]
[Site "Bergen NOR"]
[Date "2001.08.12"]
[Round "9"]
[White "Moen,A"]
[Black "Bjarnason,S"]
[Result "1-0"]
[WhiteElo "2218"]
[BlackElo "2281"]

1.d4 Nf6 2.Nf3 e6 3.c4 Bb4+ 4.Bd2 a5 5.g3 b6 6.Bg2 Bb7 7.a3 Bxd2+ 8.Qxd2 d6
9.O-O Nbd7 10.Qc2 e5 11.c5 Be4 12.Qa4 exd4 13.Nbd2 Bd5 14.cxd6 c5 15.Ne5 Bxg2
16.Kxg2 Qc8 17.Qb5 Qa6 18.Qxa6 Rxa6 19.Nef3 a4 20.e3 dxe3 21.Rae1 O-O 22.fxe3 b5
23.e4 Re8 24.e5 Ng4 25.Ne4 Ngxe5 26.Nxe5 Nxe5 27.d7 Nxd7 28.Nxc5 Rxe1 29.Rxe1 Rd6
30.Nxd7 g6 31.Nc5 Rd2+ 32.Kf3 Rxb2 33.Re2 Rb1 34.Na6 Kg7 35.Nb4 h5 36.Ke4 Rd1
37.Rc2 Ra1 38.Ra2 Rd1 39.Rb2 Ra1 40.Nc2 Rh1 41.Nd4 h4 42.gxh4 Kh6 43.Nxb5 Kh5
44.Kf3 Kxh4 45.Kg2 Rd1 46.Rb4+ Kg5 47.Nd4  1-0

[Event "TCh-Rep. Srpska"]
[Site "Jahorina BIH"]
[Date "2001.08.12"]
[Round "2"]
[White "Antic,D"]
[Black "Mihic,B"]
[Result "0-1"]
[WhiteElo "2474"]
[BlackElo "2369"]

1.d4 e6 2.c4 Nf6 3.Nf3 Bb4+ 4.Bd2 c5 5.Bxb4 cxb4 6.g3 O-O 7.Bg2 d6 8.a3 bxa3
9.Nxa3 Nc6 10.Nb5 Qe7 11.O-O a6 12.Nc3 e5 13.d5 Nb4 14.Ne1 Qc7 15.Nd3 Nxd3
16.exd3 Bg4 17.Qd2 Qd7 18.f4 Rfe8 19.fxe5 Rxe5 20.d4 Rh5 21.Rxf6 gxf6 22.Ne4 Rf5
23.Qd3 Bh5 24.Nxd6 Rxd5 25.Bxd5 Qxd6 26.Bxb7 Re8 27.Bg2 Re2 28.c5 Qe7 29.c6 Rxb2
30.Rc1 Bg6 31.c7 Bxd3 32.c8=Q+ Kg7 33.Qg4+ Bg6 34.Qf4 Qe2 35.Qf3 Qd2 36.Rd1 Rb1
37.Rxb1 Qxd4+ 38.Kh1 Bxb1 39.h3 a5 40.Kh2 a4 41.h4 Bd3 42.Qa8 f5 43.Qa5 h6  0-1

[Event "7th Stage Russian Cup"]
[Site "Togliatty RUS"]
[Date "2001.08.13"]
[Round "6"]
[White "Shinkevich,V"]
[Black "Bocharov,D"]
[Result "1-0"]
[WhiteElo "2456"]
[BlackElo "2385"]

1.d4 Nf6 2.c4 e6 3.Nf3 Bb4+ 4.Bd2 Qe7 5.g3 Nc6 6.Nc3 Bxc3 7.Bxc3 Ne4 8.Rc1 O-O
9.Bg2 d6 10.d5 Nd8 11.Nd2 Nxc3 12.Rxc3 e5 13.c5 f5 14.Qc2 Nf7 15.O-O Qf6
16.Rc1 e4 17.f3 exf3 18.exf3 f4 19.Ne4 Qd4+ 20.Kh1 Bf5 21.cxd6 cxd6 22.gxf4 Qxd5
23.Rc7 Qe6 24.Qd2 Rac8 25.Ng3 Rxc7 26.Rxc7 Rc8 27.Rxc8+ Qxc8 28.Bf1 Be6 29.a3 Qc5
30.Bd3 h6 31.Kg2 Kf8 32.Bg6 Nh8 33.Bb1 Nf7 34.Bg6 Qd5 35.Qe3 Nd8 36.f5 Qb3
37.Qf4 Qxb2+ 38.Kh3 Bf7 39.Qxd6+ Ke8 40.Ne4 Qb6 41.Qxb6 axb6 42.Nd6+ Ke7
43.Nxf7 Nxf7 44.Bxf7 Kxf7 45.Kg4 Kf6 46.Kf4 b5 47.h3 Kf7 48.Ke5 Ke7 49.h4 Kf7
50.h5 Ke7 51.f4 Kf7 52.f6 gxf6+ 53.Kd6 b6 54.f5  1-0

[Event "TCh-ESP Div 2"]
[Site "Vila Real ESP"]
[Date "2001.08.13"]
[Round "1"]
[White "Fernandez Garcia,M"]
[Black "Garcia Melgar,J"]
[Result "1/2-1/2"]
[WhiteElo "2185"]
[BlackElo "2304"]

1.d4 Nf6 2.c4 e6 3.Nf3 Bb4+ 4.Bd2 Qe7 5.g3 Nc6 6.Bg2 Bxd2+ 7.Qxd2 Ne4 8.Qc2 Qb4+
9.Nc3 Nxc3 10.Qxc3 Qxc3+ 11.bxc3 d6 12.O-O e5 13.c5 exd4 14.Nxd4 Nxd4 15.cxd4 dxc5
16.dxc5 Ke7 17.Rab1 Rb8 18.Rfd1 Rd8 19.Rxd8 Kxd8 20.f4 b6 21.Kf2 Be6 22.a3 Ke7
23.Be4 Rd8 24.Ke3 h6 25.Rc1 a5 26.cxb6 cxb6 27.Rb1 Rd6 28.Bd3 Kd7 29.Rc1 Bd5
30.Bf5+ Ke7 31.Rc7+ Kf6 32.Bd3 Ke6  1/2-1/2

[Event "TCh-ESP Div 2"]
[Site "Vila Real ESP"]
[Date "2001.08.15"]
[Round "3"]
[White "Illescas Cordoba,M"]
[Black "Suarez Pousa,D"]
[Result "1/2-1/2"]
[WhiteElo "2574"]
[BlackElo "2402"]

1.d4 Nf6 2.c4 e6 3.Nf3 Bb4+ 4.Bd2 Qe7 5.g3 Nc6 6.Nc3 Bxc3 7.Bxc3 Ne4 8.Rc1 O-O
9.Bg2 Nxc3 10.Rxc3 d6 11.d5 Nb8 12.dxe6 fxe6 13.Nd4 e5 14.Nc2 Nd7 15.O-O Nf6
16.Ne3 Rb8 17.Qa4 a6 18.Nd5 Qd8 19.Rd1 Bd7 20.Qc2 Be6 21.Qd2 Nd7 22.b4 a5
23.a3 Rf7 24.Ne3 axb4 25.axb4 Qf8 26.f3 Ra8 27.Nd5 Nf6 28.e4 Ra4 29.Rc2 Qa8
30.h4 h6 31.Kh2 Qa7 32.Rb1 Bxd5 33.cxd5 Ra3 34.Qc1 Ne8 35.b5 b6 36.Qd2 Qa4
37.Rbb2 Nf6 38.Qe2 Ne8 39.Ra2 Rxa2 40.Rxa2 Qb3 41.Ra8 Rf8 42.Bh3 g6 43.Qd2 Qxf3
44.Qxh6 Qf2+ 45.Bg2 Qf7 46.Ra2 Qg7 47.Qg5 Qf6 48.Qg4 Kh7 49.Ra8 Qf7 50.Qc8 Kg8
51.Ra7 Kh7 52.Qd8 Kg8 53.Qg5 Kh7 54.Ra1 Qg7 55.Ra8 Qf7 56.Rd8 Nf6 57.Rxf8 Qxf8
58.g4 Qf7 59.Kg3 Kg7 60.h5 Nh7 61.h6+ Kg8 62.Qd8+ Qf8 63.Qxf8+ Kxf8 64.Kh4 g5+
65.Kh5 Kf7 66.Bf3 Kf6 67.Bg2 Kf7 68.Bf3 Kf6  1/2-1/2

[Event "WJun"]
[Site "Athens GRE"]
[Date "2001.08.16"]
[Round "1"]
[White "Korobov,A"]
[Black "Sakelsek,T"]
[Result "1-0"]
[WhiteElo "2470"]
[BlackElo "2202"]

1.d4 Nf6 2.c4 e6 3.Nf3 Bb4+ 4.Bd2 a5 5.g3 d6 6.Bg2 Nbd7 7.O-O e5 8.Bg5 exd4
9.Nxd4 h6 10.Bf4 Ne5 11.Qa4+ Bd7 12.Qc2 Qc8 13.Rd1 Ng6 14.Bd2 Bxd2 15.Rxd2 h5
16.Nc3 h4 17.Nd5 Ng4 18.Nb5 Nxh2 19.Ndxc7+ Kf8 20.Qd3 Bxb5 21.Qxd6+ Kg8 22.Nxa8 Qxa8
23.Qd8+ Qxd8 24.Rxd8+ Nf8 25.cxb5 hxg3 26.fxg3 b6 27.Rc1  1-0

[Event "WJun"]
[Site "Athens GRE"]
[Date "2001.08.16"]
[Round "1"]
[White "Sandhoefner,F"]
[Black "Horvath,Ad"]
[Result "1/2-1/2"]
[WhiteElo "2239"]
[BlackElo "2504"]

1.d4 Nf6 2.c4 e6 3.Nf3 Bb4+ 4.Bd2 Qe7 5.Nc3 b6 6.e3 Bb7 7.Be2 O-O 8.O-O d6
9.Qb3 Bxc3 10.Bxc3 Ne4 11.Rfd1 Nd7 12.Be1 f5 13.Rac1 Rf6 14.Rd3 Rg6 15.Qd1 a5
16.b3 e5 17.a3 Rf8 18.b4 axb4 19.axb4 Ng5 20.Ra3 Nh3+ 21.Kh1 Rxg2 22.Kxg2 Qg5+
23.Kf1 Qg4 24.c5 Be4 25.cxd6 Ng5 26.dxc7 Qh3+ 27.Kg1 Qg4+ 28.Kf1 Qh3+ 29.Kg1 Re8  1/2-1/2

[Event "TCh-Rep. Srpska"]
[Site "Jahorina BIH"]
[Date "2001.08.17"]
[Round "7"]
[White "Rosic,S"]
[Black "Bodiroga,P"]
[Result "1/2-1/2"]
[WhiteElo "2296"]
[BlackElo "2370"]

1.d4 Nf6 2.c4 e6 3.Nf3 Bb4+ 4.Bd2 Bxd2+ 5.Qxd2 d5 6.Nc3 O-O 7.e3 Qe7 8.Rc1 c6
9.cxd5 exd5 10.Be2 Bg4 11.O-O Nbd7  1/2-1/2

[Event "Rubinstein Open"]
[Site "Polanica Zdroj POL"]
[Date "2001.08.17"]
[Round "2"]
[White "Knap,J"]
[Black "Glazik,M"]
[Result "1/2-1/2"]
[WhiteElo "2022"]
[BlackElo "2151"]

1.d4 Nf6 2.c4 e6 3.Nf3 Bb4+ 4.Bd2 Qe7 5.a3 Bxd2+ 6.Qxd2 b6 7.g3 Bb7 8.Bg2 d6
9.Nc3 O-O 10.O-O Nbd7 11.b4 Rac8 12.Rac1 Rfd8 13.Qb2 c5 14.dxc5 dxc5 15.b5 e5
16.e3 e4 17.Nd2 Ne5 18.Qc2 Nf3+ 19.Nxf3 exf3 20.Bh3 Rc7  1/2-1/2

[Event "Open"]
[Site "Feffernitz AUT"]
[Date "2001.08.21"]
[Round "4"]
[White "Farago,I"]
[Black "Neulinger,M"]
[Result "1/2-1/2"]
[WhiteElo "2504"]
[BlackElo "2348"]

1.d4 Nf6 2.c4 e6 3.Nf3 Bb4+ 4.Bd2 Qe7 5.g3 Nc6 6.Nc3 Bxc3 7.Bxc3 Ne4 8.Rc1 O-O
9.Bg2 d6 10.d5 Nxc3 11.Rxc3 Nd8 12.O-O c5 13.dxe6 fxe6 14.Rd3 Nf7 15.e4 e5
16.Ne1 Be6 17.b3 Rab8 18.Nc2 b5 19.Ne3 bxc4 20.bxc4 Rb4 21.Qc1 Rfb8 22.Rfd1 Rb2
23.R3d2 Qb7 24.h4 Qb4 25.Kh2 Qa3 26.Bh3 Bxh3 27.Kxh3 Qxa2 28.Nf5 g6 29.Nxd6 Nxd6
30.Rxd6 Rxf2 31.R6d2 Rxd2 32.Rxd2 Rb1 33.Rxa2 Rxc1 34.Rxa7 Rxc4 35.Kg4 Rxe4+
36.Kg5 Re3 37.g4 Rf3  1/2-1/2

[Event "Open"]
[Site "Feffernitz AUT"]
[Date "2001.08.22"]
[Round "5"]
[White "Martinovic,S"]
[Black "Neulinger,M"]
[Result "1/2-1/2"]
[WhiteElo "2436"]
[BlackElo "2348"]

1.d4 Nf6 2.Nf3 e6 3.c4 Bb4+ 4.Bd2 Qe7 5.g3 Nc6 6.Nc3 Bxc3 7.Bxc3 Ne4 8.Rc1 d6
9.d5 Nxc3 10.Rxc3 Nd8 11.Bg2 O-O 12.Nd2 a5 13.O-O Ra6 14.f4 b6 15.e4 e5 16.f5 f6
17.h4 Bd7 18.Kh2 Nb7 19.Rg1 Nc5 20.Bf1 g6 21.g4 gxf5 22.gxf5+ Kh8 23.Rcg3 Raa8
24.Qe2 Rg8 25.Qe3 Rxg3 26.Rxg3 Rg8 27.Rxg8+ Kxg8 28.b3 Qg7 29.Be2 Kf8 30.Nf1 Ke7
31.Ng3 Be8 32.Kh3 Kd8 33.Bd1 Nb7 34.a3 Kc8 35.b4 axb4 36.axb4 Kb8 37.Be2 Qf8
38.Bh5 Bd7 39.Nf1 Qg7 40.Nh2 Ba4 41.Ng4 Bc2 42.Qe2 Ba4 43.Qd2 c5 44.dxc6 Bxc6
45.Qd3 Kc7 46.Kg3 Nd8 47.Kf2 Be8 48.Nxf6 Qxf6 49.Bxe8 Qxh4+ 50.Ke2 Qg4+ 51.Kf2  1/2-1/2

[Event "Rubinstein Open"]
[Site "Polanica Zdroj POL"]
[Date "2001.08.23"]
[Round "8"]
[White "Mazek,M"]
[Black "Glazik,M"]
[Result "0-1"]
[WhiteElo "2080"]
[BlackElo "2151"]

1.d4 Nf6 2.Nf3 e6 3.c4 Bb4+ 4.Bd2 Qe7 5.g3 b6 6.Bg2 Bb7 7.O-O Bxd2 8.Nbxd2 O-O
9.Qc2 d6 10.e4 e5 11.d5 a5 12.Ne1 Nbd7 13.Nd3 Rae8 14.Rae1 c6 15.f4 Qd8 16.fxe5 Nxe5
17.Nxe5 Rxe5 18.Nf3 Ree8 19.Nd4 c5 20.Nf5 Ng4  0-1

[Event "Rubinstein Open"]
[Site "Polanica Zdroj POL"]
[Date "2001.08.23"]
[Round "8"]
[White "Malaniuk,V"]
[Black "Wojtaszek,R"]
[Result "1/2-1/2"]
[WhiteElo "2516"]
[BlackElo "2295"]

1.d4 Nf6 2.c4 e6 3.Nf3 Bb4+ 4.Bd2 Qe7 5.g3 O-O 6.Bg2 Bxd2+ 7.Qxd2 d6 8.Nc3 Nc6
9.O-O e5 10.d5 Nb8 11.e4 a5 12.Ne1 Na6 13.Nd3 b6 14.f4 Nc5 15.Nf2 Rb8 16.Rfe1 Ba6
17.Bf1 exf4 18.gxf4 Nfd7 19.b3 Rbe8 20.Bg2 Qh4 21.Bh3 Bc8 22.Kh1 Re7 23.Qe3 Nf6
24.Bxc8 Rxc8 25.Qf3 Nh5 26.f5 Rce8 27.Re3 Nf6 28.Rae1 g6 29.fxg6 hxg6 30.Qg3 Qxg3
31.hxg3 Kg7 32.Kg2 Nh7 33.Nb5 Ng5 34.Nd4 f6 35.Nc6 Rf7 36.a3 Nd7 37.Nd3 Ne5
38.Ncxe5 fxe5 39.Rf1 Rxf1 40.Kxf1 Nh7 41.Kg2 Nf6 42.Nf2 Rb8 43.Rc3 Ra8 44.Rc2 Kf7
45.Rc1 Ra7 46.Kf3 Ra8 47.Rh1 Kg7 48.Nd1 Rf8 49.Ke3 Ng4+ 50.Ke2 Nf6 51.Nf2 Nh5
52.Rg1 Rh8 53.Kf3 Rf8+ 54.Kg2 Nf6 55.Re1  1/2-1/2

[Event "Trophy Chessgalaxy"]
[Site "Naujac-sur-Mer FRA"]
[Date "2001.08.24"]
[Round "4"]
[White "Siebrecht,S"]
[Black "Nisipeanu,LD"]
[Result "0-1"]
[WhiteElo "2414"]
[BlackElo "2609"]

1.d4 Nf6 2.Nf3 e6 3.c4 Bb4+ 4.Bd2 a5 5.g3 b6 6.Bg2 Bb7 7.O-O O-O 8.Nc3 d6
9.b3 Nbd7 10.a3 Bxc3 11.Bxc3 Qb8 12.b4 axb4 13.axb4 b5 14.cxb5 Be4 15.Rxa8 Qxa8
16.Qb3 Qb7 17.Ra1 Qxb5 18.Bf1 Qd5 19.Qxd5 Nxd5 20.Bd2 Rb8 21.Ng5 Bg6 22.Ra7 h6
23.Nh3 e5 24.dxe5 Nxe5 25.Nf4 Nc6 26.Ra4 Bc2 27.Ra2 Ndxb4 28.Rb2 Ba4 29.e4 Nc2
30.Ra2 Bb3 31.Rb2 N6d4 32.Kg2 c5 33.Bc3 Re8 34.Bd3 c4 35.Bxc2 Nxc2 36.Kf3 f6
37.Nd5 Kf7 38.Nb6 Na3 39.Bb4 Nb5 40.Nd5 Nd4+ 41.Ke3 Nc2+ 42.Kf3 f5 43.exf5 Re5
44.Ne3 Nxb4 45.Nxc4 Bxc4  0-1

[Event "Rubinstein Open"]
[Site "Polanica Zdroj POL"]
[Date "2001.08.24"]
[Round "9"]
[White "Szymanski,P"]
[Black "Hudziak,P"]
[Result "1/2-1/2"]
[WhiteElo "2103"]
[BlackElo "2190"]

1.d4 Nf6 2.Nf3 e6 3.c4 Bb4+ 4.Bd2 Qe7 5.g3 Bxd2+ 6.Nbxd2 d6 7.Bg2 O-O 8.O-O e5
9.e4 Bg4 10.d5 a5 11.b3 Nbd7 12.Qc2 Bxf3 13.Bxf3 g6 14.a3 Ne8 15.Bg4 Nc5
16.b4 Na6 17.Rab1 axb4 18.axb4 Ng7 19.Be2 f5 20.c5 fxe4  1/2-1/2

[Event "Open"]
[Site "Lisbon POR"]
[Date "2001.08.25"]
[Round "5"]
[White "Pinheiro,J"]
[Black "Fernandes,An"]
[Result "1/2-1/2"]
[WhiteElo "2324"]
[BlackElo "2458"]

1.d4 Nf6 2.c4 e6 3.Nf3 Bb4+ 4.Bd2 Qe7 5.g3 b6 6.Nc3 Bb7 7.Bg2 O-O 8.O-O d6
9.Rc1 Nbd7 10.a3 Bxc3 11.Bxc3 Ne4 12.Qc2 f5 13.Rfd1 a5 14.Be1 Ndf6 15.d5 e5
16.Nh4 g6 17.f3 Ng5 18.Bd2 Nf7 19.e3 a4 20.f4 Bc8 21.Nf3 Ne4 22.Bb4 Bd7 23.Re1 Rae8
24.Nd2 Nc5 25.Nb1 Qd8 26.Nc3 Qa8 27.Rcd1 Re7 28.Bf1 Be8 29.Nb5 Bxb5 30.cxb5  1/2-1/2

[Event "zt 2.5"]
[Site "Mar del Plata ARG"]
[Date "2001.08.25"]
[Round "1"]
[White "Roselli Mailhe,B"]
[Black "Bauza,A"]
[Result "1-0"]
[WhiteElo "2428"]
[BlackElo "2290"]

1.d4 Nf6 2.c4 e6 3.Nf3 Bb4+ 4.Bd2 Qe7 5.g3 b6 6.Bg2 Bb7 7.O-O Bxd2 8.Nbxd2 O-O
9.Qc2 d6 10.e4 e5 11.d5 Nbd7 12.b4 a5 13.a3 c6 14.Nh4 g6 15.Rfb1 cxd5 16.cxd5 Rfc8
17.Qb2 Ba6 18.Rc1 Qd8 19.Bh3 axb4 20.axb4 Bb5 21.Ng2 Rxa1 22.Qxa1 Rxc1+ 23.Qxc1 Qa8
24.Ne3 Qa4 25.Qc3 Qa7 26.Bf1 Bxf1 27.Kxf1 b5 28.Ke2 Qa2 29.f3 Qa7 30.Qc6 Qb6
31.Nb1 Kf8 32.Nc3 Ke7 33.Qxb6 Nxb6 34.Nxb5 h5 35.h4 Ne8 36.Kd3 Kd7 37.Nc4 Nxc4
38.Kxc4 f5 39.Nc3 Kc7 40.Kb5 Kb7 41.Ka5 Nf6 42.b5 Nd7 43.Na4 Nf6 44.Nc3 Nd7
45.Nb1 Nc5 46.Nd2 Kc7 47.b6+ Kd7 48.Kb5 f4 49.gxf4 exf4 50.e5  1-0

[Event "Rubinstein Open"]
[Site "Polanica Zdroj POL"]
[Date "2001.08.25"]
[Round "10"]
[White "Malaniuk,V"]
[Black "Zubarev,A1"]
[Result "0-1"]
[WhiteElo "2516"]
[BlackElo "2470"]

1.d4 Nf6 2.Nf3 e6 3.c4 Bb4+ 4.Bd2 Qe7 5.g3 Nc6 6.Nc3 d5 7.Qc2 O-O 8.Bg2 dxc4
9.a3 Bd6 10.Qa4 e5 11.dxe5 Nxe5 12.Nxe5 Bxe5 13.Qxc4 Rd8 14.Be3 Be6 15.Qc5 Qxc5
16.Bxc5 Nd5 17.O-O b6 18.Bxd5 Bxd5 19.Be7 Rd7 20.Rfd1 Bxc3 21.bxc3 Rxe7 22.Rxd5 Rxe2
23.a4 Rae8 24.a5 Re1+ 25.Rxe1 Rxe1+ 26.Kg2 Kf8 27.Rd7 Re7 28.Rd8+ Re8 29.Rd7 Rc8
30.axb6 axb6 31.Rd4 Ke7 32.Rh4 h6 33.Kf3 b5 34.Ke3 c5 35.Ke4 Kd6 36.Kd3 Ra8
37.Rf4 f6 38.h4 Ra3 39.Kc2 Ra2+ 40.Kd1 Ke5 41.h5 Ra4 42.Rf3 Kd5 43.Kc2 Ra2+
44.Kb3 Rd2 45.Rf5+ Kc6 46.c4 Rd3+ 47.Kc2 bxc4 48.Rf4 Kb5 49.Rg4 Rf3 50.Rxg7 Rxf2+
51.Kc3 Rf3+ 52.Kc2 c3 53.Kb3 c4+ 54.Kc2 Kb4 55.Rb7+ Kc5 56.g4 Kd4 57.Rd7+ Ke5
58.Rg7 Rh3 59.Rh7 Rh4 60.Rxh6 Rxg4 61.Kxc3 Kf5 62.Rh8 Kg5 63.h6 Rh4 64.h7 Kg6
65.Rf8 Kg7 66.Rg8+ Kxh7 67.Rg1 Kh6 68.Rg8 Kh5 69.Rg1 Rg4 70.Rf1  0-1

[Event "Open"]
[Site "Lisbon POR"]
[Date "2001.08.27"]
[Round "7"]
[White "Santos,CP"]
[Black "Webb,L"]
[Result "1-0"]
[WhiteElo "2423"]
[BlackElo "2250"]

1.d4 e6 2.Nf3 Nf6 3.c4 Bb4+ 4.Bd2 Qe7 5.g3 O-O 6.Bg2 Bxd2+ 7.Qxd2 d6 8.Nc3 e5
9.O-O c6 10.e4 Bg4 11.d5 cxd5 12.cxd5 Bxf3 13.Bxf3 Nbd7 14.Rac1 Rfc8 15.Bg2 a6
16.Rc2 Rc7 17.Rfc1 Rac8 18.Bh3 h6 19.f3 Qd8 20.Kg2 Rc4 21.b3 R4c5 22.b4 Rc4
23.Nd1 Rxc2 24.Rxc2 Rxc2 25.Qxc2 g6 26.a4 a5 27.bxa5 Nc5 28.Qc3 Nxa4 29.Qc8 Qxc8
30.Bxc8 Nc5 31.Bxb7 Nxb7 32.a6 Nd7 33.axb7 Kf8 34.Nc3 Ke7 35.Nb5 Nb8 36.f4 f6
37.Kf3 h5 38.g4 h4 39.g5 exf4 40.Kxf4 Na6 41.Na7  1-0

[Event "WJun"]
[Site "Athens GRE"]
[Date "2001.08.28"]
[Round "12"]
[White "Thorfinnsson,Br"]
[Black "Franco Alonso,A"]
[Result "1-0"]
[WhiteElo "2371"]
[BlackElo "2332"]

1.d4 Nf6 2.c4 e6 3.Nf3 Bb4+ 4.Bd2 c5 5.dxc5 Bxc5 6.Qc2 O-O 7.e3 b6 8.Bd3 Be7
9.Bc3 h6 10.g4 Bb7 11.Nbd2 d5 12.g5 hxg5 13.Nxg5 d4 14.Bxd4 Bxh1 15.Bxf6 Bxf6
16.Bh7+ Kh8 17.Bg8 g6 18.Nxf7+ Rxf7 19.Bxf7 Qf8 20.Bxg6 Na6 21.O-O-O Bc6
22.Rg1 Nc5 23.b4 Na4 24.Qd1 Qh6 25.b5 Bxb5 26.Qg4 Qh4 27.Qxe6 Rd8 28.Ne4 Bb2+
29.Kc2 Nc5 30.Nxc5 Bxc4 31.Qf5 Bxa2 32.Rg4  1-0

[Event "Open"]
[Site "Lisbon POR"]
[Date "2001.08.29"]
[Round "9"]
[White "Horvath,Cs"]
[Black "Narciso Dublan,M"]
[Result "1/2-1/2"]
[WhiteElo "2545"]
[BlackElo "2510"]

1.d4 e6 2.Nf3 Nf6 3.c4 Bb4+ 4.Bd2 c5 5.Bxb4 cxb4 6.g3 O-O 7.Bg2 d6 8.O-O Nc6
9.Nbd2 e5 10.d5 Nb8 11.a3 Na6  1/2-1/2

[Event "20th NAO"]
[Site "Stillwater USA"]
[Date "2001.08.31"]
[Round "2"]
[White "Grancea,M"]
[Black "Brooks,M"]
[Result "0-1"]
[WhiteElo "2085"]
[BlackElo "2511"]

1.d4 Nf6 2.c4 e6 3.Nf3 Bb4+ 4.Bd2 Bxd2+ 5.Nbxd2 d6 6.g3 Qe7 7.Bg2 e5 8.dxe5 dxe5
9.Ng5 O-O 10.Qc2 Nc6 11.O-O Nd4 12.Qd1 Bf5 13.e4 Bg4 14.f3 Bd7 15.Nh3 Qb4
16.Rb1 Bxh3 17.Bxh3 Rad8 18.Rf2 Nxf3+ 19.Qxf3 Rxd2 20.Rxd2 Qxd2 21.Rd1 Qxb2
22.g4 Qc2 23.Bg2 Nxe4 24.Rd7 Nf6 25.Re7 Qb1+ 26.Bf1 Qb6+ 27.Kh1 Qd6  0-1

[Event "EYCC B18"]
[Site "Halkidiki GRE"]
[Date "2001.09.08"]
[Round "8"]
[White "Milchev,N"]
[Black "Broomfield,M"]
[Result "1-0"]
[WhiteElo "2098"]
[BlackElo "2271"]

1.Nf3 Nf6 2.d4 e6 3.c4 Bb4+ 4.Bd2 c5 5.g3 b6 6.Bg2 Bb7 7.dxc5 bxc5 8.Nc3 O-O
9.O-O d5 10.cxd5 exd5 11.a3 Ba5 12.Na4 Bxd2 13.Nxd2 Nbd7 14.b4 cxb4 15.axb4 Qe7
16.Rb1 Rab8 17.b5 Rfc8 18.e3 Ne4 19.Nxe4 dxe4 20.Qd4 Ne5 21.Rfc1 Rd8 22.Qc5 Qf6
23.Qc3 Rbc8 24.Qa5 Nd3 25.Rf1 Bd5 26.b6 axb6 27.Nxb6 Rc5 28.Nxd5 Rcxd5 29.Qa2 Qe6
30.Qc4 f5 31.Rb7 Nxf2 32.Qc3 Qh6 33.Rxf2 Rd3 34.Qc7 Rf8 35.Bxe4  1-0

[Event "Open"]
[Site "Cesenatico ITA"]
[Date "2001.09.15"]
[Round "8"]
[White "Trevelyan,J"]
[Black "Stantic,S"]
[Result "0-1"]
[WhiteElo "2145"]
[BlackElo "2126"]

1.d4 Nf6 2.c4 e6 3.Nf3 Bb4+ 4.Bd2 Qe7 5.Nc3 b6 6.g3 Bb7 7.Bg2 Bxc3 8.Bxc3 O-O
9.O-O Ne4 10.Be1 d5 11.cxd5 exd5 12.Ne5 c5 13.Rc1 Re8 14.Nd3 c4 15.Nf4 Nd7
16.Qa4 Ndf6 17.b3 cxb3 18.Qxb3 Qd8 19.Nd3 Ba6 20.Bb4 Bc4 21.Qc2 a5 22.Ba3 Rc8
23.Ne5 b5 24.Nxc4 Rxc4 25.Qd3 b4 26.Bb2 Qb6 27.Bh3 Nd6 28.Rc2 Re7 29.Rfc1 Rec7
30.Bf1 a4 31.e3 Nfe4 32.f3 b3 33.axb3 axb3 34.Rxc4 dxc4 35.Qe2 c3 36.fxe4 cxb2
37.Qxb2 Rxc1 38.Qxc1 b2 39.Qb1 Kf8 40.Bd3 Qb4 41.e5 Nc8 42.Bxh7 Qd2 43.Qc2 Qc1+
44.Kg2 g6 45.Bxg6 fxg6 46.Qxg6  0-1

[Event "ch-UKR"]
[Site "Ordzhonikidze UKR"]
[Date "2001.09.15"]
[Round "8"]
[White "Malaniuk,V"]
[Black "Fedorchuk,S"]
[Result "1-0"]
[WhiteElo "2516"]
[BlackElo "2490"]

1.d4 Nf6 2.Nf3 e6 3.c4 Bb4+ 4.Bd2 Qe7 5.g3 Nc6 6.Nc3 Bxc3 7.Bxc3 Ne4 8.Rc1 Nxc3
9.Rxc3 d6 10.Bg2 O-O 11.d5 Nb8 12.dxe6 fxe6 13.Nd4 e5 14.Nc2 Nc6 15.O-O Be6
16.b4 a6 17.b5 Nd8 18.Nb4 axb5 19.cxb5 Kh8 20.a4 Qd7 21.Qc2 Rc8 22.Rc1 Qf7
23.Rf3 Qg8 24.Qd3 Ra8 25.Rxf8 Qxf8 26.Nd5 Rxa4 27.Nxc7 Bg8 28.h4 Rd4 29.Qa3 Bc4
30.Qb2 Bg8 31.e3 Ra4 32.Ra1 Rc4 33.b6 Nc6 34.Ra8 Nd8 35.Bxb7 d5 36.Bxd5 Rb4
37.Rxd8 Qxd8 38.Qxb4 Bxd5 39.Nxd5 Qxd5 40.Qf8+  1-0

[Event "6th ECCW"]
[Site "Belgrade YUG"]
[Date "2001.09.16"]
[Round "1"]
[White "Benderac,A"]
[Black "Polovnikova,E"]
[Result "1-0"]
[WhiteElo "2276"]
[BlackElo "2368"]

1.d4 Nf6 2.Nf3 e6 3.c4 Bb4+ 4.Bd2 Qe7 5.g3 O-O 6.Bg2 Bxd2+ 7.Nbxd2 d6 8.e4 e5
9.d5 a5 10.O-O Na6 11.Qc2 Bd7 12.Ne1 c6 13.Nd3 cxd5 14.exd5 Bf5 15.Qc3 Rfc8
16.f4 e4 17.Rae1 b5 18.Qd4 bxc4 19.Nxc4 Qc7 20.Ne3 Bd7 21.Bxe4 Nxe4 22.Qxe4 Qb6
23.Rf2 Bb5 24.Nf5 Re8 25.Ne7+ Kh8 26.f5 f6 27.Nf4 h6 28.Nh5 Nb4 29.Qg4 Rg8
30.Ng6+  1-0

[Event "TCh-CRO"]
[Site "Pula CRO"]
[Date "2001.09.16"]
[Round "7"]
[White "Bilobrk,F"]
[Black "Jankovic,A"]
[Result "1/2-1/2"]
[WhiteElo "2366"]
[BlackElo "2254"]

1.d4 Nf6 2.Nf3 e6 3.c4 Bb4+ 4.Bd2 c5 5.Bxb4 cxb4 6.Qd3 O-O 7.Nbd2 d6 8.e4 Nc6
9.Be2 e5 10.d5 Nb8 11.c5 Bg4 12.cxd6 Bxf3 13.Bxf3 Ne8 14.Qb5 Nxd6 15.Qxb4 Na6
16.Qc3 Rc8 17.Qxe5 Rc2 18.Rd1 Re8 19.Qd4 Qf6 20.Qxf6 gxf6 21.Rb1 Nb4 22.a3 Nd3+
23.Ke2 Nxb2 24.Rhc1 Rec8 25.Rxc2 Rxc2 26.Ke3 Kf8 27.Be2 Rc3+ 28.Kd4 Rc2 29.Ke3 Rc3+  1/2-1/2